BUBT Library Online Catalog

Engineering Techniques of Ring Spinning (Record no. 5447)

000 -LEADER
fixed length control field 00558nam a22001937a 4500
003 - CONTROL NUMBER IDENTIFIER
control field BUBTL
008 - FIXED-LENGTH DATA ELEMENTS--GENERAL INFORMATION
fixed length control field 170517b xxu||||| |||| 00| 0 eng d
020 ## - INTERNATIONAL STANDARD BOOK NUMBER
International Standard Book Number 978-93-85059-56-8
082 ## - DEWEY DECIMAL CLASSIFICATION NUMBER
Classification number 677SHE
100 ## - MAIN ENTRY--PERSONAL NAME
9 (RLIN) 1192
Personal name Shaikh,Tasnim N.
245 ## - TITLE STATEMENT
Title Engineering Techniques of Ring Spinning
260 ## - PUBLICATION, DISTRIBUTION, ETC. (IMPRINT)
Place of publication, distribution, etc. India
Name of publisher, distributor, etc. Woodhead Publishing India
Date of publication, distribution, etc. c2016
300 ## - PHYSICAL DESCRIPTION
Extent [x],213p.
Other physical details ills.
Dimensions 21cm.
650 #0 - SUBJECT ADDED ENTRY--TOPICAL TERM
9 (RLIN) 909
Topical term or geographic name as entry element Textile Engineering
700 ## - ADDED ENTRY--PERSONAL NAME
9 (RLIN) 1193
Personal name Shaikh,Tasnim N.
856 ## - ELECTRONIC LOCATION AND ACCESS
Password 0
Logon 0
Link text Download
942 ## - ADDED ENTRY ELEMENTS (KOHA)
Source of classification or shelving scheme
Koha item type Books
Holdings
Withdrawn status Lost status Source of classification or shelving scheme Damaged status Not for loan Collection code Permanent location Current location Shelving location Date acquired Inventory number Total Checkouts Full call number Barcode Date last seen Copy number Price effective from Koha item type
        Not For Loan Non-fiction Bangladesh University of Business and Technology Library Bangladesh University of Business and Technology Library Textile Engineering Stacks 05/16/2017 24219   677SHE BUBTL-200324219 05/17/2017 C-1 05/17/2017 Books
        Not For Loan Non-fiction Bangladesh University of Business and Technology Library Bangladesh University of Business and Technology Library Textile Engineering Stacks 05/16/2017 24220   677SHE BUBTL-200324220 05/17/2017 C-2 05/17/2017 Books
        Not For Loan Non-fiction Bangladesh University of Business and Technology Library Bangladesh University of Business and Technology Library Textile Engineering Stacks 05/16/2017 24221   677SHE BUBTL-200324221 05/17/2017 C-3 05/17/2017 Books

More Information About Library

Library Hours

  • Open: 9.00 am. to 9.00 pm.
  • Only Sunday: 9.00 am. to 6.00 pm.
  • Closed: Holiday

Contact to the University

Bangladesh University of Business and Technology Library

  • Mirpurl-2, 1216.
  • Phone:
  • Fax:
  • E-Mail: admin.library@bubt.edu.bd

Contact to the Library

Contact Person:

Md. Abdul Hakim Shah
Joint Librarian
PABX No:  113
Cell No: 01816332931
E-mail: official: admin.library@bubt.edu.bd
Personal: hakim.shah@bubt.edu.bd


BUBT Library

Copyright © 2021